000 00355nam a2200145 i 4500
001 bg
100 1 _aCASTANY, Gilbert
245 0 _aPoszukiwanie i eksploatacja wód podziemnych /
_cGilbert Castany.
260 _aWarszawa,
_c1972.
040 _cBPK
041 _apol
080 _a556:550.8
942 _cKS
008 s pl f |000 0 pol
999 _c26176
_d26176
856 _uhttp://koha.tu.koszalin.pl/cgi-bin/koha/opac-detail.pl?biblionumber=26176
_yKatalog online BPK